000 00917cam a22002651 4500
001 12041
003 BD-RjUL
005 20211208235227.0
008 140128s1958 ctuacf b 010 0 eng d
035 _a(BD-RjUL)12090
040 _aDLC/ICU
_cICU
_dDLC
_dBD-RjUL
_beng
041 _aeng
082 0 0 _a576.304
_bFRO 1958
245 1 0 _aFrontiers in cytology.
_cedited by Sanford L.Palay,
260 _aNew Haven :
_bYale University Press,
_cc1958.
300 _axii, 529 p. :
_billus., plates,(253- port)., diagrs., tables.
_c24 cm.
500 _a"Based on a series of lectures presented at Yale University [during the winter of 1955] and dedicated to the memory of Henry Bunting."
504 _aIncludes bibliographies.
600 1 0 _aBunting, Henry,
_d1911-1954.
_937323
650 0 _aCytology.
_937324
700 _aPalay, Sanford L.
_937325
942 _2ddc
_cBK
999 _c12041
_d12041